|
|
|
|
| LEADER |
00000nam a2200000 a 4500 |
| 001 |
vtls008992204 |
| 003 |
SK-MaSNL |
| 005 |
20260301210258.0 |
| 008 |
240315s1881 hu 000 0 hun |
| 040 |
|
|
|a SNK
|b slo
|c SNK
|e AACR2
|
| 041 |
|
|
|a hun
|a slo
|
| 044 |
|
|
|a hu
|c HU
|
| 080 |
|
|
|a 811.511.141
|2 2001
|
| 080 |
|
|
|a (072)
|2 2001
|
| 100 |
1 |
|
|a Groó, Vilmos,
|d 1843-1906
|4 aut
|9 476387
|
| 245 |
1 |
|
|a Návodná kniha k vyučovaniu uhorskej reči v pospolitých školách pre učiteľov
|b III. a IV. trieda
|n druhý diel
|c Vilém Groó
|
| 260 |
|
|
|a Budapešť
|b [Vlastnosť kráľovsko-uhorského štátu]
|c 1881
|e Budapest
|f Nyomatott a m. kir. egyetemi könyvnyomdában
|
| 300 |
|
|
|a 120 s.
|b Noty
|c 17 cm
|
| 650 |
0 |
7 |
|a maďarčina
|2 SNKPH
|9 1492
|
| 655 |
|
7 |
|a metodické príručky
|2 SNKPH
|9 70250
|
| 999 |
|
|
|c 913071
|d 915001
|
| 952 |
|
|
|a SNK
|b SNK
|y VYP
|7 0
|p 17A0654325
|o snkSD 4779/2 D1
|i snkIII. 1341/48
|3 rekatalogizácia
|0 0
|1 0
|4 0
|d 2007-05-24
|l 0
|r 2026-02-24 07:49:47
|w 2026-02-24
|
| 952 |
|
|
|a SNK
|b SNK
|y VYP
|7 0
|p 17A0654326
|o snkSD 4779/2 D2
|i snkF 86/67
|8 5
|3 rekatalogizácia
|0 0
|1 0
|4 0
|d 2007-05-24
|l 0
|r 2026-02-24 07:49:47
|w 2026-02-24
|
| 952 |
|
|
|a SNK
|b SNK
|y PREZ
|7 0
|p 17A0907864
|o snkSD 4779/2
|i snk775/43
|0 0
|1 0
|4 0
|d 2018-06-21
|l 0
|r 2025-11-11 00:00:00
|w 2026-02-24
|